00821nam a2200241Ia 4500001000700000003000500007008004100012010001100053040000900064090001600073100003600089245012400125260004200249300001000291502007500301901001600376902000600392910000900398942000600407942000600413999001900419952014100438Z_4793CHAP220113s1983 xx 000 0 und d a167846 cCHAP aTesis G 270 aGarcía Winder, Miguel9137373 aEndocrine mechanisms associated with suckling during the postpartum period in beef cows /cpor Miguel García Winder aLincoln, Nebraska :bEl autor,c1983 a84 h. aThesis (Master of Science of Animal Science) -- University of Nebraska aTESIS G 270 aM a1983 c2 c2 c167846d167846 00102local4051708TESISaZbZd2005-11-09eEl autorl0oTesis G37 270 1983p5101000408r2022-01-18 00:00:00tEj.1w2022-01-18yTESIS